000 00661nam a2200193Ii 4500
003 JO-AjNU
008 230605s9999||||xx |||||||||||||| ||und||
040 _aJO-AjNU
_bara
_erda
_cJO-AjNU
041 _aara
050 1 4 _aLB2321.S522 1983
100 3 _aالشيخلي، عبد القادر,
_eauthor
_937192
245 0 0 _aتطوير المستوى التعليمي للطالب الجامعي
264 3 1 _aعمان:دار الفكر،1983
300 _a72ص
336 _atext
_btxt
_2rdacontent
337 _aunmediated
_bn
_2rdamedia
338 _avolume
_bnc
_2rdacarrier
650 4 _aالتعليم العالي-الجامعات والكليات
_937193
999 _aA15518
_c19086
_d19086